| 000 | 00479cam a2200205 4500 | ||
|---|---|---|---|
| 001 | B2468 | ||
| 008 | 090401t1988 xxu||||| |||| 00| 0 eng d | ||
| 035 | _a(Sirsi) u50162 | ||
| 041 | _aeng | ||
| 050 | _a333.336 | ||
| 110 |
_aFuller Peiser _92056 |
||
| 245 | _aHigh technology - B1,1987-1988 | ||
| 260 |
_aLondon _bFuller Peiser _c1988 |
||
| 300 | _a20p. : ill. ; 30cm. | ||
| 350 | _a0 | ||
| 650 | _aB1 USE | ||
| 650 | _aRENT REVIEWS | ||
| 942 | _n0 | ||
| 948 | _c04/03/1997 | ||
| 999 |
_c92670 _d92670 |
||